000 00215nam a22000857a 4500
008 170612b xxu||||| |||| 00| 0 eng d
100 _93348
_aSingal. A
245 _aMathematics Lab -10
260 _aNew Delhi
_bH. F. I
_c2009
999 _c6684
_d6684